00982 a2200193 45000010006000000050017000060080041000230030015000640400040000790800066001192450104001850200022002892640034003113000019003455050300003640410008006641000021006728560095006934084320260407155703.0260407a2015 arg spa dAR-UNSa-BCEJYS aAR-UNSa-BCEJYSbspacAR-UNSa-BCEJYS a378xEnseñanza superior. Universidades. Escuelas especiales10aLa didáctica de las cátedras universitariaspestilos de enseñanza y planificación de clases a978-987-538-435-4 1aBuenos Aires :bNoveducc2015 a182 p.c28 cm. a1. El estilo: las fases de su investigación - 2. La transmisión resistida - 3. La profesionalización simulada - 4. La iniciación divergente - 5. La deliberación profesionalizante - 6. La regulación transformadora - 7. La cátedra universitaria: acerca de sus estilos de enseñanza  aspa1 aMonetti, Elda M.41uhttps://biblioeco.unsa.edu.ar/pmb/images/libros/L126304.jpgyImagen de portadaqimage/jpeg